00629cam a22001933a 450000100060000000300060000600500170001200800410002904000150007004200070008510000460009224501040013826000290024250600300027151600200030170000430032183000290036485600420039342276PGUSA20140828083944.0130308s2013||||xxu|||||s|||||000 | eng d aPGUSAbeng adc1 aHenty, G. A.q(George Alfred),d1832-190210aIn Greek Waters :bA Story of The Grecian War of Independenceh[electronic resource] /cG. A. Henty bProject Gutenberg,c2013 aPublic domain in the USA. aElectronic text1 aStacey, W. S.q(Walter S.),d1846-1929 0aProject Gutenbergv4227640uhttp://www.gutenberg.org/ebooks/42276